LDR 00695naa#a2200169#i#450# 001 EN\INFRA-M\bibl\122152 005 20260601193601.1 011 ## _a2500-3305 100 ## _a20260227b2026####ek#y0engy0150####ca 102 ## _aRU 200 1# _aSocial comparison as a factor of academic motivation, procrastination and self-esteem in generation Z 
students within the digital learning environment _eJournal article 210 1# _aMoscow _cINFRA-M Academic Publishing LLC. _d2026 215 ## _a8 с. 608 ## _aJournal article _2local 675 ## _aНародное образование. Воспитание. Обучение. Организация досуга. 37 _z 700 #1 _aKremneva _gT. L. 856 4# _anaukaru.ru _u